[Event "South Island Championships"]
[Site "Dunedin NZL"]
[Date "2012.10.10"]
[Round "2.14"]
[White "Stevenson, Michael"]
[Black "Brockway, Andrew"]
[Result "0-1"]
[WhiteElo "1503"]
[BlackElo "1798"]
[PlyCount "62"]
[EventDate "2012.10.14"]

1. e4 c5 2. Nf3 g6 3. Bc4 Nc6 4. O-O Bg7 5. a3 Nf6 6. d3 e6 7. Bb5 d5 8. exd5
exd5 9. Qe2+ Be6 10. Bg5 Qb6 11. Bxc6+ bxc6 12. c3 Nd7 13. Qc2 O-O 14. Nbd2
Rab8 15. Rab1 c4 16. d4 Bf5 17. Qa4 Bxb1 18. Rxb1 Rfe8 19. Qc2 Re2 20. Be3 Re8
21. Qd1 R2xe3 22. fxe3 Rxe3 23. Qc1 Re8 24. Qc2 Qc7 25. Qd1 Qf4 26. Qf1 Qc7 27.
Qd1 Bh6 28. Qf1 Re6 29. Re1 Qd6 30. Rxe6 Qxe6 31. Qf2 Be3 0-1

[Event "South Island Championships"]
[Site "Dunedin NZL"]
[Date "2012.10.10"]
[Round "2.15"]
[White "Lyall, Simon"]
[Black "Clarkson, Robert D"]
[Result "1-0"]
[WhiteElo "1777"]
[BlackElo "1573"]
[PlyCount "83"]
[EventDate "2012.10.14"]

1. e4 e5 2. Nf3 Nc6 3. d4 exd4 4. Nxd4 Nf6 5. Nxc6 bxc6 6. e5 Qe7 7. Qe2 Nd5 8.
c4 Nb4 9. a3 Na6 10. b4 c5 11. b5 Nb8 12. Qe4 c6 13. Bb2 Bb7 14. Bd3 Qd8 15.
O-O Qc8 16. Qf5 Qc7 17. Re1 cxb5 18. cxb5 Bd5 19. Nc3 Bb7 20. Bc4 Qb6 21. Qxf7+
Kd8 22. e6 Be7 23. Nd5 Bxd5 24. Bxd5 Rf8 25. Qxg7 c4 26. Bd4 Qc7 27. Bxa8 Qf4
28. Bf3 d6 29. Bxa7 d5 30. Qe5 Qxe5 31. Rxe5 Bf6 32. Rxd5+ Kc7 33. Rc5+ Kd6 34.
Rd1+ Kxe6 35. Bxb8 Rxb8 36. Rc6+ Kf7 37. Bd5+ Kg6 38. Bxc4 Ra8 39. Rdd6 Rf8 40.
Rxf6+ Rxf6 41. Rxf6+ Kxf6 42. b6 1-0

[Event "South Island Championships"]
[Site "Dunedin NZL"]
[Date "2012.10.11"]
[Round "3.1"]
[White "Smith, Robert W"]
[Black "Johansen, Darryl K"]
[Result "0-1"]
[WhiteElo "2214"]
[BlackElo "2446"]
[PlyCount "98"]
[EventDate "2012.10.14"]

1. e4 c5 2. Nc3 d6 3. f4 g6 4. Nf3 Bg7 5. Bc4 Nc6 6. O-O e6 7. d3 Nge7 8. Qe1
O-O 9. f5 d5 10. Bb3 dxe4 11. dxe4 gxf5 12. Qh4 Nd4 13. Bh6 Ng6 14. Qxd8 Rxd8
15. Bg5 Rf8 16. Nxd4 cxd4 17. exf5 dxc3 18. fxg6 cxb2 19. gxh7+ Kxh7 20. Rad1
Kg6 21. Be7 Re8 22. Ba3 b5 23. c3 Bxc3 24. Rf2 Be5 25. Bxb2 Bxb2 26. Rxb2 f5
27. Bc2 a6 28. a4 bxa4 29. Bxa4 Re7 30. Bc6 Raa7 31. Rd6 Kf6 32. Rb6 a5 33. Ba4
Rab7 34. Kf2 Rxb6 35. Rxb6 Rb7 36. Rxb7 Bxb7 37. g3 Bd5 38. h4 e5 39. Ke3 Bf7
40. Kd3 Ke7 41. Kc3 Be8 42. Bc2 Kf6 43. Kc4 a4 44. Kb4 e4 45. g4 e3 46. g5+ Ke5
47. Bd1 f4 48. h5 Kf5 49. h6 Bg6 0-1

[Event "South Island Championships"]
[Site "Dunedin NZL"]
[Date "2012.10.11"]
[Round "3.2"]
[White "Lane, Gary W"]
[Black "Lukey, Stephen G"]
[Result "1-0"]
[WhiteElo "2391"]
[BlackElo "2236"]
[PlyCount "63"]
[EventDate "2012.10.14"]

1. e4 c5 2. Nf3 Nc6 3. d4 cxd4 4. Nxd4 Nf6 5. Nc3 e5 6. Ndb5 d6 7. Bg5 a6 8.
Na3 b5 9. Nd5 Be7 10. Bxf6 Bxf6 11. c4 b4 12. Nc2 a5 13. g3 O-O 14. Bg2 g6 15.
Nxf6+ Qxf6 16. O-O Bb7 17. Qd3 Rad8 18. a3 bxa3 19. Rxa3 Rb8 20. Rfa1 Rfd8 21.
Qe3 Qe7 22. Rd3 Ba6 23. b3 Qc7 24. h4 a4 25. bxa4 Bxc4 26. Rc3 Ba6 27. Qg5 Bb7
28. Nb4 Qd7 29. Nd5 Kg7 30. Qf6+ Kg8 31. h5 gxh5 32. Qh6 1-0

[Event "South Island Championships"]
[Site "Dunedin NZL"]
[Date "2012.10.11"]
[Round "3.3"]
[White "Wansink, Robert"]
[Black "Koop, Thorben"]
[Result "1-0"]
[WhiteElo "2244"]
[BlackElo "2165"]
[PlyCount "147"]
[EventDate "2012.10.14"]

1. d4 Nf6 2. c4 g6 3. Nc3 Bg7 4. e4 O-O 5. f3 c6 6. d5 d6 7. Be3 a6 8. a4
a5 9. Nge2 Na6 10. Nd4 Nb4 11. Na2 e5 12. Nb3 c5 13. Nxb4 axb4 14. Bd3 Nh5
15. Kd2 f5 16. Kc2 f4 17. Bf2 Bd7 18. a5 Bf6 19. Nxc5 dxc5 20. Bxc5 Be7 21.
d6 Bh4 22. Bb6 Qe8 23. Qd2 Ng7 24. c5 Kh8 25. Bc4 Be6 26. Bd5 Qd7 27. Rhd1
b3+ 28. Kxb3 Rac8 29. Qb4 Bd8 30. Qc4 Bxb6 31. axb6 Rc6 32. Kb4 Qf7 33. Qb5
Bxd5 34. exd5 Rcc8 35. d7 Rcd8 36. c6 Nf5 37. Ra7 Nd4 38. Qc4 bxc6 39. Rxd4
c5+ 40. Kxc5 exd4 41. Qxd4+ Kg8 42. Kc6 Qe7 43. Qe4 Rf6+ 44. Kb5 Qf7 45.
Rc7 Rxd7 46. Qc4 Qxd5+ 47. Ka6 Qxc4+ 48. Rxc4 Kf7 49. b4 Ke7 50. Rc8 Re6
51. b5 Kf6 52. Rc6 Rd8 53. b7 Ke7 54. Rxe6+ Kxe6 55. Ka7 Kd6 56. b8=Q+ Rxb8
57. Kxb8 Kc5 58. Kc7 Kxb5 59. Kd6 Kc4 60. Ke5 g5 61. h4 gxh4 62. Kxf4 Kd4
63. Kg4 Ke5 64. Kxh4 Kf6 65. Kh5 Kg7 66. Kg5 Kf7 67. Kh6 Kg8 68. g4 Kh8 69.
g5 Kg8 70. g6 hxg6 71. Kxg6 Kf8 72. Kf6 Kg8 73. f4 Kf8 74. f5 1-0

[Event "South Island Championships"]
[Site "Dunedin NZL"]
[Date "2012.10.11"]
[Round "3.4"]
[White "Fraemohs, Peter"]
[Black "Johnson, Quentin J F"]
[Result "1-0"]
[WhiteElo "1967"]
[BlackElo "2102"]
[PlyCount "103"]
[EventDate "2012.10.14"]

1. d4 Nf6 2. Bg5 Ne4 3. Bf4 c5 4. f3 Qa5+ 5. c3 Nf6 6. d5 e6 7. dxe6 fxe6 8.
Nd2 d5 9. e4 Be7 10. Nb3 Qb6 11. Qc2 Nc6 12. exd5 exd5 13. a4 a6 14. Ne2 O-O
15. Be3 d4 16. a5 Qd8 17. cxd4 cxd4 18. Qc4+ Kh8 19. Bxd4 Bb4+ 20. Bc3 Ne5 21.
Qd4 Nd3+ 22. Kd2 Be6 23. Qxd3 Bxc3+ 24. bxc3 Bxb3 25. Qxd8 Rfxd8+ 26. Nd4 Rac8
27. Rb1 Bd5 28. Bd3 Rc5 29. Ra1 Nh5 30. g3 Nf6 31. Rhe1 Re8 32. Rxe8+ Nxe8 33.
Re1 Nd6 34. Re5 Rxa5 35. Ke3 b6 36. Nf5 Nxf5+ 37. Bxf5 g6 38. Bd3 Kg7 39. c4
Bxc4 40. Rxa5 Bxd3 41. Rd5 Bc4 42. Rd6 a5 43. Rxb6 a4 44. Rb7+ Kg8 45. Ra7 Bb3
46. Kd4 g5 47. Ke5 Bd1 48. Kf6 Bxf3 49. Rxa4 g4 50. Rd4 h5 51. Kg6 Kf8 52. Kxh5
1-0

[Event "South Island Championships"]
[Site "Dunedin NZL"]
[Date "2012.10.11"]
[Round "3.5"]
[White "Rains, Timothy"]
[Black "Chan, Peng Kong"]
[Result "0-1"]
[WhiteElo "1737"]
[BlackElo "2245"]
[PlyCount "150"]
[EventDate "2012.10.14"]

1. d4 Nf6 2. c4 g6 3. Nc3 d5 4. Bf4 c6 5. Nf3 Bg7 6. e3 O-O 7. Be2 Be6 8. cxd5
Nxd5 9. Bg3 Qa5 10. Qc2 c5 11. O-O Nxc3 12. bxc3 Nc6 13. Rab1 cxd4 14. cxd4
Rac8 15. Qd2 b6 16. Qxa5 Nxa5 17. a4 Bc4 18. Bxc4 Rxc4 19. Rfc1 Rfc8 20. Rxc4
Rxc4 21. Ra1 Nb3 22. Rb1 Rxa4 23. Kf1 Na5 24. Bc7 Rc4 25. Bxb6 axb6 26. Rxb6
Bf6 27. g3 h5 28. h4 Kg7 29. Kg2 e6 30. Rb2 Nc6 31. Rb5 Ne7 32. Rb2 Nf5 33. Rd2
Ra4 34. Rc2 Nd6 35. Rb2 Ne4 36. Rc2 Ra3 37. Re2 Ra1 38. Rc2 Rd1 39. Ra2 Be7 40.
Rb2 Bd6 41. Re2 Rb1 42. Rc2 Ba3 43. Nd2 Nxd2 44. Rxd2 Rb2 45. Rd1 Bb4 46. Kf3
Kf6 47. Rc1 Ke7 48. Rd1 Kd6 49. Rc1 Kd5 50. Ra1 Kc4 51. Rd1 Bd2 52. Rf1 Kd3 53.
Rg1 Rb5 54. Ra1 Rf5+ 55. Kg2 Ke2 56. Rf1 Bxe3 57. f4 Bxd4 58. Rc1 Be3 59. Rc4
e5 60. fxe5 Rxe5 61. Rc7 Rf5 62. Re7 Kd3 63. Kh3 Bd4 64. Kg2 Rf2+ 65. Kh3 Kc4
66. Re4 Kd5 67. Re7 Be5 68. Rd7+ Bd6 69. Rb7 Rf3 70. Rd7 Rxg3+ 71. Kh2 Rb3+ 72.
Kg2 Ke6 73. Ra7 Rg3+ 74. Kf2 Rg4 75. Ra6 Rxh4 0-1

[Event "South Island Championships"]
[Site "Dunedin NZL"]
[Date "2012.10.11"]
[Round "3.6"]
[White "Dowden, R. Anthony"]
[Black "Lyall, Simon"]
[Result "1/2-1/2"]
[WhiteElo "2107"]
[BlackElo "1777"]
[PlyCount "83"]
[EventDate "2012.10.14"]

1. Nf3 d5 2. e3 Nf6 3. b3 Bg4 4. Bb2 e6 5. h3 Bh5 6. Be2 Nbd7 7. d3 Bd6 8. g4
Bg6 9. a3 h6 10. c4 c5 11. Nc3 Nb6 12. Nb5 Be7 13. Be5 O-O 14. Qd2 Nfd7 15. Bc7
Qc8 16. cxd5 Nxd5 17. Bd6 Bxd6 18. Nxd6 Qc6 19. Nc4 b6 20. Rc1 Qb5 21. Qc2 Qc6
22. Nce5 Nxe5 23. Nxe5 Qd6 24. Qb2 Bh7 25. h4 Rac8 26. g5 f6 27. gxf6 Rxf6 28.
Ng4 Rff8 29. Nxh6+ Kh8 30. Rg1 e5 31. Ng4 Rce8 32. Rd1 Re7 33. Rg2 Nf6 34. Nh2
Qe6 35. Nf3 Qc6 36. Rg3 Qd5 37. Rg5 Nd7 38. Qc3 Rxf3 39. e4 Bxe4 40. Rh5+ Bh7
41. Bxf3 Qxf3 42. Rg5 1/2-1/2

[Event "South Island Championships"]
[Site "Dunedin NZL"]
[Date "2012.10.11"]
[Round "3.7"]
[White "Roberts, Michael H"]
[Black "Milligan, Helen"]
[Result "1-0"]
[WhiteElo "1836"]
[BlackElo "1969"]
[PlyCount "71"]
[EventDate "2012.10.14"]

1. d4 Nf6 2. c4 g6 3. Nc3 Bg7 4. e4 d6 5. Nf3 O-O 6. Be2 Nbd7 7. O-O e5 8. d5
Nc5 9. Nd2 a5 10. f3 Ne8 11. Nb3 b6 12. Nxc5 bxc5 13. Be3 f5 14. Rc1 f4 15. Bf2
Nf6 16. a3 h5 17. Rb1 g5 18. b4 axb4 19. axb4 cxb4 20. Rxb4 Bd7 21. c5 Rb8 22.
Rxb8 Qxb8 23. c6 Be8 24. Qc2 Bg6 25. Rb1 Qe8 26. Rb7 Qf7 27. Bb6 Rc8 28. Ra7
Ne8 29. Qa4 Qf6 30. Ba6 Rb8 31. Bxc7 Nxc7 32. Rxc7 g4 33. Be2 Qd8 34. Qa7 Bf6
35. Rb7 Rc8 36. c7 1-0

[Event "South Island Championships"]
[Site "Dunedin NZL"]
[Date "2012.10.11"]
[Round "3.8"]
[White "Brockway, Andrew"]
[Black "Rains, Edward"]
[Result "0-1"]
[WhiteElo "1798"]
[BlackElo "1881"]
[PlyCount "58"]
[EventDate "2012.10.14"]

1. e4 c5 2. Nc3 g6 3. f4 Bg7 4. Nf3 Nc6 5. Bb5 Nd4 6. O-O a6 7. Bc4 e6 8. d3 b5
9. Bb3 Bb7 10. Nxd4 Bxd4+ 11. Kh1 Bg7 12. Qe1 Qe7 13. f5 gxf5 14. exf5 O-O-O
15. fxe6 fxe6 16. Ne4 h6 17. Bf4 d5 18. Nc3 c4 19. dxc4 dxc4 20. Bxc4 bxc4 21.
Qe2 Bd5 22. Na4 Qb7 23. Nc5 Qc6 24. Be3 Ne7 25. Qg4 Rhg8 26. Qe2 Bd4 27. Rf2
Bxe3 28. Qxe3 Bxg2+ 29. Kg1 Bh3+ 0-1

[Event "South Island Championships"]
[Site "Dunedin NZL"]
[Date "2012.10.11"]
[Round "3.9"]
[White "Dolejs, Dan"]
[Black "Clayton, Ben"]
[Result "1/2-1/2"]
[WhiteElo "1878"]
[BlackElo "1329"]
[PlyCount "95"]
[EventDate "2012.10.14"]

1. e4 e5 2. Nf3 Nc6 3. d4 exd4 4. Bc4 h6 5. O-O Bc5 6. c3 dxc3 7. Bxf7+ Kxf7 8.
Qd5+ Ke8 9. Qh5+ Kf8 10. Qxc5+ Qe7 11. Qxc3 d6 12. b3 Qf6 13. e5 dxe5 14. Ba3+
Kf7 15. Nbd2 Bg4 16. Rfe1 Bxf3 17. Nxf3 Re8 18. Bb2 e4 19. Qc4+ Qe6 20. Rxe4
Qxc4 21. Rxc4 Nf6 22. Nd4 Re7 23. Nxc6 bxc6 24. Rxc6 Rhe8 25. g3 Rd8 26. Rac1
Rdd7 27. Ra6 Re2 28. Bxf6 gxf6 29. Rxa7 Kg6 30. a4 Rdd2 31. Rf1 Rb2 32. Rxc7
Rxb3 33. Rcc1 Ra3 34. Rc4 Rea2 35. h4 Rxa4 36. Rxa4 Rxa4 37. Kg2 Ra2 38. Kh3
Ra3 39. f3 h5 40. g4 hxg4+ 41. Kxg4 Ra4+ 42. Kg3 Kh5 43. Rh1 f5 44. Rh2 f4+ 45.
Kh3 Ra3 46. Rf2 Ra1 47. Rh2 Ra3 48. Rf2 1/2-1/2

[Event "South Island Championships"]
[Site "Dunedin NZL"]
[Date "2012.10.11"]
[Round "3.10"]
[White "Van Rooyen, Carlssen"]
[Black "Aimers, Geoffrey"]
[Result "0-1"]
[WhiteElo "1180"]
[BlackElo "1876"]
[PlyCount "52"]
[EventDate "2012.10.14"]

1. d4 Nf6 2. Nc3 c5 3. e3 e6 4. Bb5 a6 5. Bd3 d5 6. dxc5 Bxc5 7. Nge2 Nc6 8.
Qd2 e5 9. e4 Ng4 10. exd5 Bxf2+ 11. Kf1 Qf6 12. Ne4 Qh4 13. Qg5 Qxg5 14. Bxg5
f6 15. dxc6 fxg5 16. h3 O-O 17. hxg4 Be3+ 18. Ke1 bxc6 19. Rf1 Rxf1+ 20. Kxf1
Bxg4 21. g3 Rf8+ 22. Kg2 Bf3+ 23. Kh3 g4+ 24. Kh2 Rf5 25. Ng1 Rh5+ 26. Nh3
Rxh3# 0-1

[Event "South Island Championships"]
[Site "Dunedin NZL"]
[Date "2012.10.11"]
[Round "3.11"]
[White "Cooper, Nigel"]
[Black "Gold, Hamish R"]
[Result "1-0"]
[WhiteElo "1761"]
[BlackElo "1816"]
[PlyCount "119"]
[EventDate "2012.10.14"]

1. g3 d6 2. Bg2 e5 3. d3 Nc6 4. f4 Nf6 5. Nf3 Be7 6. O-O O-O 7. fxe5 dxe5 8.
Nbd2 Bc5+ 9. Kh1 Ng4 10. Ne4 Be3 11. h3 Bxc1 12. Qxc1 f5 13. Nf2 Nf6 14. Qe3
Qe8 15. Qc5 Nh5 16. Qc4+ Be6 17. Qh4 Rf6 18. g4 fxg4 19. Nxg4 Bxg4 20. Qxg4 Nf4
21. Nh4 Kh8 22. e3 Nxg2 23. Rxf6 gxf6 24. Qxg2 Qh5 25. Rg1 Qf7 26. Nf5 Rg8 27.
Nh6 Rxg2 28. Nxf7+ Kg7 29. Rxg2+ Kxf7 30. c3 Ne7 31. e4 Ng6 32. Rf2 Ke6 33. Rf5
Nf4 34. Rxf4 exf4 35. Kg2 Ke5 36. Kf3 c5 37. h4 h5 38. d4+ cxd4 39. cxd4+ Kxd4
40. Kxf4 b5 41. Kf5 a5 42. Kxf6 Kxe4 43. Kg5 b4 44. Kxh5 Kd3 45. Kg5 Kc2 46. b3
Kb2 47. h5 Kxa2 48. h6 Kxb3 49. h7 Ka2 50. h8=Q b3 51. Qh2+ b2 52. Qc2 Ka1 53.
Qa4+ Kb1 54. Qxa5 Kc1 55. Qc3+ Kb1 56. Kf4 Ka1 57. Ke3 Ka2 58. Qc2 Ka1 59. Qa4+
Kb1 60. Kd3 1-0

[Event "South Island Championships"]
[Site "Dunedin NZL"]
[Date "2012.10.11"]
[Round "3.12"]
[White "Jackson, L. Ross"]
[Black "Duffield, Terence"]
[Result "0-1"]
[WhiteElo "1974"]
[BlackElo "1668"]
[PlyCount "80"]
[EventDate "2012.10.14"]

1. d4 d6 2. e4 g6 3. c4 Bg7 4. Nc3 Nf6 5. f4 O-O 6. Nf3 c5 7. d5 Nbd7 8. Be2
Re8 9. O-O a6 10. a4 Qc7 11. Re1 Nf8 12. h3 N6d7 13. Bf1 b6 14. Be3 Bb7 15. Bf2
e6 16. Qc2 Rad8 17. Bh4 Rb8 18. Rad1 e5 19. f5 Bc8 20. g4 h6 21. g5 Nh7 22.
fxg6 fxg6 23. gxh6 Bxh6 24. Qg2 Ndf8 25. Rd3 Qg7 26. Nh2 g5 27. Bf2 Ng6 28. Ne2
Kh8 29. Ng4 Rb7 30. Rb3 Rg8 31. Ng3 Bxg4 32. hxg4 Nh4 33. Qh1 Nf6 34. Be2 Qd7
35. Nf5 Nxf5 36. gxf5 Kg7 37. Rh3 Rh8 38. Be3 Rh7 39. Bxg5 Bxg5 40. Rxh7+ Nxh7
{White lost on time} 0-1

[Event "South Island Championships"]
[Site "Dunedin NZL"]
[Date "2012.10.11"]
[Round "3.13"]
[White "Nijman, Arie J"]
[Black "Gloistein, Bruce"]
[Result "1-0"]
[WhiteElo "1820"]
[BlackElo "1690"]
[PlyCount "91"]
[EventDate "2012.10.14"]

1. e4 e6 2. d4 d6 3. Nf3 Nd7 4. Bd3 e5 5. O-O Be7 6. d5 a6 7. c4 Ngf6 8. b4 O-O
9. Bb2 Re8 10. Nc3 Nf8 11. Ne2 Ng6 12. Nd2 c6 13. a4 Bd7 14. a5 Bf8 15. Ba3 c5
16. f3 b5 17. Nb3 Rc8 18. Nd2 Nh5 19. g3 Qg5 20. Kf2 Nhf4 21. gxf4 Qh4+ 22. Kg1
exf4 23. Qe1 Qh6 24. Rc1 Re5 25. Kh1 Rh5 26. Rf2 Ne5 27. Rc3 cxb4 28. Bxb4 Be7
29. Nd4 Bh4 30. Qe2 Bxf2 31. Qxf2 Rh3 32. Nf5 Bxf5 33. exf5 Re8 34. Bf1 Rh5 35.
Ne4 Rd8 36. Be2 Rxf5 37. Rc1 Rh5 38. Rg1 f5 39. Nd2 Rc8 40. Bc3 Re8 41. cxb5
axb5 42. a6 Re7 43. Bxb5 Nd7 44. a7 Nb6 45. Bd4 Na8 46. Bc6 1-0

[Event "South Island Championships"]
[Site "Dunedin NZL"]
[Date "2012.10.11"]
[Round "3.14"]
[White "Nicholls, Leighton"]
[Black "Black, Ross"]
[Result "1-0"]
[WhiteElo "1686"]
[BlackElo "1821"]
[PlyCount "125"]
[EventDate "2012.10.14"]

1. e4 Nc6 2. Nf3 Nf6 3. Nc3 d5 4. e5 d4 5. exf6 dxc3 6. fxe7 Qxe7+ 7. Be2 cxd2+
8. Bxd2 Bd7 9. O-O O-O-O 10. Re1 h6 11. Bc4 Be6 12. Bxe6+ fxe6 13. Qe2 e5 14.
Bc3 Qf7 15. Nxe5 Nxe5 16. Qxe5 Rg8 17. Qe6+ Qxe6 18. Rxe6 Bd6 19. Rae1 g6 20.
Bf6 Rdf8 21. Be7 Bxe7 22. Rxe7 Rd8 23. Kf1 Rd2 24. R7e2 Rgd8 25. f3 b5 26. Kf2
c5 27. Rxd2 Rxd2+ 28. Re2 Rd6 29. Ke3 g5 30. Rd2 Re6+ 31. Kf2 Kc7 32. Kg3 Kc6
33. h4 gxh4+ 34. Kxh4 a5 35. f4 Rf6 36. Kh5 Rxf4 37. Kxh6 Rh4+ 38. Kg5 Rh2 39.
Kf4 c4 40. Ke3 Kc5 41. g4 Rh3+ 42. Kf4 Rh8 43. g5 Rf8+ 44. Ke5 Kb4 45. g6 Re8+
46. Kf6 Rf8+ 47. Ke7 Rg8 48. c3+ Ka4 49. Kf7 Rb8 50. g7 Rb7+ 51. Kg6 Rb6+ 52.
Kh7 Rb7 53. Kh8 Rb8+ 54. g8=Q Rxg8+ 55. Kxg8 b4 56. Kf7 bxc3 57. bxc3 Ka3 58.
Ke6 a4 59. Rd4 Kxa2 60. Kd5 Kb3 61. Rxc4 a3 62. Rc8 a2 63. Ra8 1-0

[Event "South Island Championships"]
[Site "Dunedin NZL"]
[Date "2012.10.11"]
[Round "3.15"]
[White "Clarkson, Robert D"]
[Black "Smith, Vivian J"]
[Result "1/2-1/2"]
[WhiteElo "1573"]
[BlackElo "1737"]
[PlyCount "73"]
[EventDate "2012.10.14"]

1. d4 Nf6 2. Nf3 g6 3. g3 Bg7 4. Bg2 O-O 5. O-O d6 6. h3 c6 7. Nbd2 Qc7 8. c3
Nbd7 9. Qc2 e5 10. Re1 Re8 11. e4 h6 12. dxe5 dxe5 13. b3 b6 14. Ba3 Ba6 15.
Rad1 c5 16. Bb2 Nb8 17. Bf1 Bxf1 18. Nxf1 Nc6 19. Ne3 Rad8 20. Kg2 Rxd1 21.
Rxd1 Rd8 22. Nd5 Nxd5 23. exd5 Ne7 24. Qe4 Qd6 25. c4 f5 26. Qc2 e4 27. Nd2 Be5
28. Bxe5 Qxe5 29. f4 Qf6 30. Nf1 Nc8 31. Ne3 Nd6 32. Qf2 Rc8 33. g4 Kf7 34. h4
Rg8 35. Kh3 Qd8 36. Rg1 Qc8 37. g5 1/2-1/2

[Event "South Island Championships"]
[Site "Dunedin NZL"]
[Date "2012.10.11"]
[Round "4.1"]
[White "Johansen, Darryl K"]
[Black "Wansink, Robert"]
[Result "1/2-1/2"]
[WhiteElo "2446"]
[BlackElo "2244"]
[PlyCount "123"]
[EventDate "2012.10.14"]

1. c4 Nf6 2. Nc3 g6 3. e4 d6 4. d4 Bg7 5. Be2 O-O 6. Bg5 h6 7. Be3 Nbd7 8. Qd2
c5 9. d5 Kh7 10. Nf3 b5 11. cxb5 a6 12. O-O axb5 13. Bxb5 Qa5 14. Bc6 Rb8 15.
h3 Qb4 16. Qc2 Qxb2 17. Qxb2 Rxb2 18. Rab1 Rc2 19. Rfc1 Rxc1+ 20. Bxc1 Ba6 21.
Bb5 Bxb5 22. Rxb5 Rb8 23. Rxb8 Nxb8 24. Kf1 Nfd7 25. Nb5 Nb6 26. Nd2 Kg8 27.
Ke2 Kf8 28. Nc7 N8d7 29. Kd3 c4+ 30. Kc2 Nc5 31. f3 Nd3 32. Nxc4 Nxc1 33. Nxb6
Nxa2 34. Nd7+ Kg8 35. Nb5 Nb4+ 36. Kd2 h5 37. Nb8 Bf6 38. Nc6 Na6 39. f4 Nc5
40. Ke3 Nd7 41. g3 Kf8 42. Na3 Nb6 43. Kd3 Ke8 44. Nc4 Nd7 45. e5 dxe5 46. fxe5
Bg5 47. Kd4 Bc1 48. e6 fxe6 49. dxe6 Nf8 50. Kd5 Bg5 51. N6e5 Bf6 52. Nf7 g5
53. Nd2 Ng6 54. Ne4 h4 55. Nxf6+ exf6 56. gxh4 Nxh4 57. Nd6+ Kd8 58. Ne4 Ke7
59. Ng3 f5 60. Ke5 g4 61. Nxf5+ Nxf5 62. hxg4 1/2-1/2

[Event "South Island Championships"]
[Site "Dunedin NZL"]
[Date "2012.10.11"]
[Round "4.2"]
[White "Fraemohs, Peter"]
[Black "Lane, Gary W"]
[Result "0-1"]
[WhiteElo "1967"]
[BlackElo "2391"]
[PlyCount "136"]
[EventDate "2012.10.14"]

1. d4 d5 2. c4 c6 3. cxd5 cxd5 4. Nc3 Nf6 5. Bg5 e6 6. Nf3 Nc6 7. e3 Be7 8. Be2
O-O 9. O-O h6 10. Bh4 a6 11. a3 g5 12. Bg3 Nh5 13. Nd2 Nxg3 14. hxg3 f5 15. f4
gxf4 16. gxf4 Kh7 17. Rf3 Bd7 18. Rh3 Rg8 19. Nf3 Rg6 20. Kf2 Bf6 21. Qh1 Qf8
22. Nh4 Bxh4+ 23. Rxh4 Ne7 24. Bd3 Qg7 25. Rg1 Rg4 26. g3 Rf8 27. Rxg4 Qxg4 28.
Qf3 Qxf3+ 29. Kxf3 h5 30. g4 hxg4+ 31. Rxg4 Be8 32. Kf2 Ng8 33. Rh4+ Kg7 34.
Rh1 Nf6 35. Be2 Bd7 36. Rg1+ Kf7 37. Rh1 b5 38. Bd3 Rc8 39. Ke2 Rg8 40. Kf2 Ke7
41. Be2 Rb8 42. Ra1 Rh8 43. Rg1 Kf7 44. Bf3 Rh2+ 45. Rg2 Rh8 46. Rg1 Rb8 47. b4
Be8 48. Rc1 Bd7 49. Nb1 a5 50. Rc7 Ke7 51. Nd2 axb4 52. axb4 Ra8 53. Rc2 Ra3
54. Rb2 Ne8 55. Nb3 Nd6 56. Be2 Nc4 57. Rb1 Be8 58. Bxc4 dxc4 59. Nc5 Ra2+ 60.
Kg3 Bc6 61. Re1 Rb2 62. e4 fxe4 63. Nxe4 Bxe4 64. Rxe4 Kd6 65. Re5 Rxb4 66. f5
exf5 67. Rxf5 c3 68. Rc5 Rc4 0-1

[Event "South Island Championships"]
[Site "Dunedin NZL"]
[Date "2012.10.11"]
[Round "4.3"]
[White "Chan, Peng Kong"]
[Black "Aimers, Geoffrey"]
[Result "1-0"]
[WhiteElo "2245"]
[BlackElo "1876"]
[PlyCount "61"]
[EventDate "2012.10.14"]

1. d4 Nf6 2. c4 c5 3. d5 e6 4. Nc3 exd5 5. cxd5 d6 6. Nf3 g6 7. g3 Bg7 8. Bg2
O-O 9. O-O Re8 10. Nd2 Nbd7 11. h3 a6 12. a4 Rb8 13. Nc4 Nb6 14. Na3 Nbd7 15.
Kh2 b6 16. e4 Nh5 17. f4 Ndf6 18. Qd3 Bf8 19. Bd2 Bg7 20. Nc4 Bf8 21. e5 Bf5
22. Qe2 dxe5 23. fxe5 b5 24. axb5 axb5 25. Na5 Bd7 26. Bg5 Bg7 27. Qe3 Qb6 28.
Nc6 Bxh3 29. Bxf6 Bxg2 30. Kxg2 b4 31. Na4 1-0

[Event "South Island Championships"]
[Site "Dunedin NZL"]
[Date "2012.10.11"]
[Round "4.4"]
[White "Lukey, Stephen G"]
[Black "Cooper, Nigel"]
[Result "1-0"]
[WhiteElo "2236"]
[BlackElo "1761"]
[PlyCount "55"]
[EventDate "2012.10.14"]

1. d4 d5 2. c4 c6 3. Nf3 Nf6 4. Nc3 dxc4 5. a4 Bf5 6. e3 e6 7. Bxc4 Bb4 8. O-O
Nbd7 9. Qe2 O-O 10. e4 Bg4 11. Bg5 Nb6 12. e5 Bxf3 13. Qxf3 Qxd4 14. exf6 Nxc4
15. Rad1 Qe5 16. fxg7 Qxg7 17. Bf6 Qg6 18. Rd4 Bxc3 19. bxc3 Ne5 20. Bxe5 f5
21. Rd7 Rf7 22. Rfd1 Raf8 23. h3 h5 24. Rxf7 Qxf7 25. Rd3 Kh7 26. Rd7 Qxd7 27.
Qxh5+ Kg8 28. Qg6+ 1-0

[Event "South Island Championships"]
[Site "Dunedin NZL"]
[Date "2012.10.11"]
[Round "4.5"]
[White "Rains, Edward"]
[Black "Smith, Robert W"]
[Result "0-1"]
[WhiteElo "1881"]
[BlackElo "2214"]
[PlyCount "130"]
[EventDate "2012.10.14"]

1. e4 c5 2. Nc3 e6 3. f4 a6 4. Nf3 b5 5. d3 d6 6. g3 Bb7 7. Bg2 b4 8. Ne2 d5 9.
e5 d4 10. c3 dxc3 11. bxc3 Ne7 12. O-O Nd5 13. c4 Nb6 14. Be3 Be7 15. Qc2 Qc7
16. Rac1 N8d7 17. Rfd1 O-O 18. Nd2 Bxg2 19. Kxg2 f6 20. exf6 Nxf6 21. Ne4 e5
22. Kg1 Rad8 23. Bf2 a5 24. Ng5 Qc6 25. Ne4 Nxe4 26. dxe4 Rxd1+ 27. Rxd1 Qe6
28. f5 Qf7 29. Rc1 Rd8 30. Be3 h6 31. Kg2 Qe8 32. Ng1 Qc6 33. Nf3 Bf6 34. Nd2
a4 35. Rb1 Nd7 36. Rd1 Rb8 37. Qd3 Nb6 38. Qc2 Rd8 39. Rb1 Nc8 40. Rc1 Nd6 41.
Kf2 Nc8 42. Ke2 Nb6 43. Kf2 Be7 44. Ke2 Nd7 45. h3 Bg5 46. Nf3 Bxe3 47. Kxe3
Nf6 48. Rb1 Qd6 49. g4 Nh7 50. h4 Nf6 51. Rg1 h5 52. gxh5 Nxh5 53. Rg5 Nf4 54.
f6 Qd3+ 55. Qxd3 Rxd3+ 56. Kf2 Nh3+ 57. Ke2 Nxg5 58. Nxg5 gxf6 59. Kxd3 fxg5
60. hxg5 Kf7 61. Kd2 Kg6 62. Kd3 Kxg5 63. Ke3 Kg4 64. Ke2 Kf4 65. Kd3 Kf3 0-1

[Event "South Island Championships"]
[Site "Dunedin NZL"]
[Date "2012.10.11"]
[Round "4.6"]
[White "Koop, Thorben"]
[Black "Roberts, Michael H"]
[Result "1-0"]
[WhiteElo "2165"]
[BlackElo "1836"]
[PlyCount "69"]
[EventDate "2012.10.14"]

1. e4 e5 2. Bc4 Nf6 3. d3 Be7 4. Nf3 d6 5. c3 O-O 6. Nbd2 Nbd7 7. O-O c6 8. Bb3
Qc7 9. Re1 Nc5 10. Bc2 Rd8 11. Qe2 b5 12. Nf1 a5 13. Ng3 g6 14. Ng5 Ne6 15.
Nxe6 Bxe6 16. f4 Bg4 17. Qf2 Kh8 18. Be3 Rg8 19. h3 Bc8 20. Rad1 Ne8 21. d4 Bh4
22. fxe5 dxe5 23. Qf3 Bf6 24. d5 Bg7 25. Rf1 Nd6 26. dxc6 Be6 27. Bg5 Ne8 28.
Nf5 gxf5 29. exf5 f6 30. fxe6 fxg5 31. Qe4 Nf6 32. Rxf6 Bxf6 33. Rd7 Qb6+ 34.
Kh1 Rg6 35. Rxh7+ 1-0

[Event "South Island Championships"]
[Site "Dunedin NZL"]
[Date "2012.10.11"]
[Round "4.7"]
[White "Clayton, Ben"]
[Black "Dowden, R. Anthony"]
[Result "0-1"]
[WhiteElo "1329"]
[BlackElo "2107"]
[PlyCount "40"]
[EventDate "2012.10.14"]

1. e4 e6 2. Nf3 d5 3. exd5 exd5 4. d4 Nc6 5. Bb5 Bg4 6. Bxc6+ bxc6 7. O-O Bd6
8. Re1+ Ne7 9. Qd3 O-O 10. Ng5 Bf5 11. Qe2 c5 12. dxc5 Bxc5 13. Nc3 Ng6 14. Qf3
Be6 15. Nxe6 fxe6 16. Qe2 Bxf2+ 17. Kh1 Bxe1 18. Qxe6+ Rf7 19. Qxe1 Qe7 20.
Qxe7 Rf1# 0-1